Arminia Bielefeld - Torschützen 2008/09 - Statistiken

Allgemein
  • Dieses Quiz wurde 31 mal gespielt
  • Das Durchschnittsergebnis liegt bei 3 aus 11
Antwortstatistiken
Tore Spieler % Korrekt
13 Artur Wichniarek
92%
1 Jonas Kamper
46%
3 Chris Katongo
31%
1 Thorben Marx
23%
1 Daniel Halfar
15%
2 Robert Tesche
15%
1 Andre Mijatović
12%
1 Nico Herzig
12%
1 Zlatko Janjić
8%
1 Alexander Laas
4%
2 Vlad Munteanu
4%
Keine übereinstimmenden Quizze gefunden
Verteilung der Resultate
Anzahl Personen mit jedem Resultat
Perzentil nach korrekt beantworteten Fragen
Ihre Resultats-Entwicklung
Sie haben dieses Quiz noch nicht gespielt